000 00901cam a2200265Ia 4500
001 conniebent00bent
003 CaSfIA
005 20230525155319.0
007 cr||||
008 830414s1982 nju 000 1 eng d
010 _a 2006594221
040 _aWIM
_cWIM
_dDLC
_dOCLCG
_dCaSfIA
020 _a0800784294 :
_c$2.95
020 _a9780800784294
035 _a(OCoLC)9409914
100 1 _aBenton, John,
_d1933-
245 1 0 _aConnie /
_h[electronic resource]
_cJohn Benton.
260 _aOld Tappan, N.J. :
_bNew Hope Books,
_cc1982.
300 _a185 p. ;
_c18 cm.
655 7 _aYoung adult fiction.
_2lcsh
655 7 _aReligious fiction.
_2lcsh
029 1 _aAU@
_b000041119576
856 4 1 _uhttp://www.archive.org/details/conniebent00bent
_zFree eBook from the Internet Archive
856 4 2 _uhttp://www.openlibrary.org/books/OL11203762M
_zAdditional information and access via Open Library
999 _c24959
_d24959